[Event "English Open Championship 2024"]
[Site "Holiday Inn, 212 Abbey End, Kenilworth CV8 1ED, United Kingdom"]
[Date "2024.06.20"]
[Round "1.23"]
[White "Graham, David B"]
[Black "Damodaran, Patrick"]
[Result "1-0"]
[TimeControl "G90 + 30secs/move"]
[WhiteFideId "408131"]
[BlackFideId "465429"]
[WhiteElo "2149"]
[BlackElo "1934"]

1. e4 {[%clk 01:30:57]} {[%emt 00:00:02]} g6 {[%clk 01:30:27]} {[%emt
00:00:34]} 2. d4 {[%clk 01:31:08]} {[%emt 00:00:18]} d6 {[%clk 01:30:14]}
{[%emt 00:00:43]} 3. Nc3 {[%clk 01:31:27]} {[%emt 00:00:12]} Nf6 {[%clk
01:30:15]} {[%emt 00:00:25]} 4. f4 {[%clk 01:31:42]} {[%emt 00:00:18]} Bg7
{[%clk 01:29:56]} {[%emt 00:00:47]} 5. Nf3 {[%clk 01:32:07]} {[%emt 00:00:07]}
c5 {[%clk 01:29:53]} {[%emt 00:00:31]} 6. dxc5 {[%clk 01:32:16]} {[%emt
00:00:23]} Qa5 {[%clk 01:29:19]} {[%emt 00:01:02]} 7. Bd3 {[%clk 01:32:36]}
{[%emt 00:00:12]} Qxc5 {[%clk 01:28:35]} {[%emt 00:01:13]} 8. Qe2 {[%clk
01:31:45]} {[%emt 00:01:23]} a6 {[%clk 01:24:33]} {[%emt 00:04:31]} 9. Be3
{[%clk 01:31:45]} {[%emt 00:00:30]} Qc7 {[%clk 01:24:21]} {[%emt 00:00:42]} 10.
O-O {[%clk 01:31:16]} {[%emt 00:00:59]} Nbd7 {[%clk 01:22:53]} {[%emt
00:01:58]} 11. Bd4 {[%clk 01:20:59]} {[%emt 00:10:47]} e5 {[%clk 01:19:48]}
{[%emt 00:03:36]} 12. fxe5 {[%clk 01:20:13]} {[%emt 00:01:15]} dxe5 {[%clk
01:20:02]} {[%emt 00:00:15]} 13. Be3 {[%clk 01:19:28]} {[%emt 00:01:15]} O-O
{[%clk 01:19:05]} {[%emt 00:01:28]} 14. Bc4 {[%clk 01:12:56]} {[%emt 00:07:02]}
b5 {[%clk 01:17:39]} {[%emt 00:01:57]} 15. Bb3 {[%clk 01:12:50]} {[%emt
00:00:36]} b4 {[%clk 01:11:53]} {[%emt 00:06:16]} 16. Nd5 {[%clk 01:12:19]}
{[%emt 00:01:00]} Nxd5 {[%clk 01:11:54]} {[%emt 00:00:29]} 17. exd5 {[%clk
01:08:08]} {[%emt 00:04:41]} a5 {[%clk 01:11:30]} {[%emt 00:00:55]} 18. d6
{[%clk 00:54:53]} {[%emt 00:13:44]} Qxd6 {[%clk 01:07:17]} {[%emt 00:04:43]} 19.
Ng5 {[%clk 00:54:43]} {[%emt 00:00:40]} Nf6 {[%clk 01:00:55]} {[%emt 00:06:52]}
20. Qf2 {[%clk 00:50:03]} {[%emt 00:05:11]} Qc7 {[%clk 00:58:01]} {[%emt
00:03:19]} 21. Qh4 {[%clk 00:39:01]} {[%emt 00:11:36]} h5 {[%clk 00:52:34]}
{[%emt 00:05:56]} 22. Nxf7 {[%clk 00:30:08]} {[%emt 00:09:23]} Rxf7 {[%clk
00:51:11]} {[%emt 00:01:54]} 23. Rxf6 {[%clk 00:28:55]} {[%emt 00:01:43]} Bxf6
{[%clk 00:50:44]} {[%emt 00:00:55]} 24. Qxf6 {[%clk 00:29:18]} {[%emt
00:00:09]} Bf5 {[%clk 00:50:36]} {[%emt 00:00:38]} 25. Bh6 {[%clk 00:27:30]}
{[%emt 00:02:19]} Kh7 {[%clk 00:50:13]} {[%emt 00:00:52]} 26. Qxf7+ {[%clk
00:20:28]} {[%emt 00:07:32]} Qxf7 {[%clk 00:50:33]} {[%emt 00:00:10]} 27. Bxf7
{[%clk 00:20:56]} {[%emt 00:00:01]} Kxh6 {[%clk 00:50:52]} {[%emt 00:00:12]} 28.
Re1 {[%clk 00:18:30]} {[%emt 00:02:56]} e4 {[%clk 00:46:55]} {[%emt 00:04:26]}
29. Bc4 {[%clk 00:16:41]} {[%emt 00:02:20]} Kg5 {[%clk 00:43:47]} {[%emt
00:03:38]} 30. Kf2 {[%clk 00:16:53]} {[%emt 00:00:18]} Kf4 {[%clk 00:43:19]}
{[%emt 00:00:58]} 31. g3+ {[%clk 00:16:53]} {[%emt 00:00:31]} Ke5 {[%clk
00:43:22]} {[%emt 00:00:26]} 32. Rd1 {[%clk 00:16:52]} {[%emt 00:00:31]} Rc8
{[%clk 00:39:11]} {[%emt 00:04:41]} 33. Rd5+ {[%clk 00:14:58]} {[%emt
00:02:23]} Kf6 {[%clk 00:39:33]} {[%emt 00:00:08]} 34. Bb3 {[%clk 00:14:10]}
{[%emt 00:01:19]} e3+ {[%clk 00:36:14]} {[%emt 00:03:49]} 35. Kxe3 {[%clk
00:14:35]} {[%emt 00:00:05]} Bxc2 {[%clk 00:36:17]} {[%emt 00:00:28]} 36. Kd2
{[%clk 00:11:59]} {[%emt 00:03:06]} Bxb3 {[%clk 00:35:00]} {[%emt 00:01:47]} 37.
axb3 {[%clk 00:12:23]} {[%emt 00:00:05]} Ra8 {[%clk 00:34:32]} {[%emt
00:00:58]} 38. h4 {[%clk 00:11:44]} {[%emt 00:01:10]} a4 {[%clk 00:33:52]}
{[%emt 00:01:10]} 39. bxa4 {[%clk 00:12:07]} {[%emt 00:00:07]} Rxa4 {[%clk
00:34:17]} {[%emt 00:00:05]} 40. Rb5 {[%clk 00:11:14]} {[%emt 00:01:22]} Ra1
{[%clk 00:33:29]} {[%emt 00:01:18]} 41. Ke2 {[%clk 00:09:00]} {[%emt 00:02:44]}
Rc1 {[%clk 00:30:50]} {[%emt 00:03:08]} 42. Rxb4 {[%clk 00:09:25]} {[%emt
00:00:06]} Kf5 {[%clk 00:30:34]} {[%emt 00:00:46]} 43. Kd2 {[%clk 00:06:00]}
{[%emt 00:03:55]} Rg1 {[%clk 00:29:38]} {[%emt 00:01:26]} 44. Rb5+ {[%clk
00:06:22]} {[%emt 00:00:08]} Kf6 {[%clk 00:28:42]} {[%emt 00:01:25]} 45. Rg5
{[%clk 00:06:47]} {[%emt 00:00:05]} Ra1 {[%clk 00:28:24]} {[%emt 00:00:49]} 46.
b4 {[%clk 00:07:08]} {[%emt 00:00:10]} Ra6 {[%clk 00:27:46]} {[%emt 00:01:07]}
47. b5 {[%clk 00:07:26]} {[%emt 00:00:12]} Rb6 {[%clk 00:25:18]} {[%emt
00:02:56]} 48. Kc3 {[%clk 00:07:52]} {[%emt 00:00:06]} Ke7 {[%clk 00:25:30]}
{[%emt 00:00:17]} 49. Kb4 {[%clk 00:08:12]} {[%emt 00:00:11]} Kd7 {[%clk
00:25:19]} {[%emt 00:00:42]} 50. Ka5 {[%clk 00:07:45]} {[%emt 00:00:57]} Kc7
{[%clk 00:25:09]} {[%emt 00:00:39]} 51. Rc5+ {[%clk 00:08:05]} {[%emt
00:00:10]} Kb7 {[%clk 00:25:34]} {[%emt 00:00:05]} 52. Re5 {[%clk 00:08:21]}
{[%emt 00:00:13]} Rf6 {[%clk 00:25:20]} {[%emt 00:00:45]} 53. Re7+ {[%clk
00:08:39]} {[%emt 00:00:11]} Kb8 {[%clk 00:24:53]} {[%emt 00:00:58]} 54. Rg7
{[%clk 00:09:04]} {[%emt 00:00:05]} Kc8 {[%clk 00:24:22]} {[%emt 00:01:02]} 55.
b6 {[%clk 00:09:14]} {[%emt 00:00:20]} Rf1 {[%clk 00:24:24]} {[%emt 00:00:27]}
56. Rxg6 {[%clk 00:09:26]} {[%emt 00:00:17]} Ra1+ {[%clk 00:24:34]} {[%emt
00:00:21]} 57. Kb5 {[%clk 00:09:44]} {[%emt 00:00:12]} Rb1+ {[%clk 00:24:19]}
{[%emt 00:00:44]} 58. Kc5 {[%clk 00:10:05]} {[%emt 00:00:09]} Rc1+ {[%clk
00:24:41]} {[%emt 00:00:09]} 59. Kd5 {[%clk 00:10:23]} {[%emt 00:00:12]} Rb1
{[%clk 00:24:05]} {[%emt 00:01:06]} 60. Ke5 {[%clk 00:10:36]} {[%emt 00:00:16]}
Rb5+ {[%clk 00:23:39]} {[%emt 00:00:57]} 61. Kf4 {[%clk 00:10:56]} {[%emt
00:00:11]} Rb4+ {[%clk 00:22:39]} {[%emt 00:01:29]} 62. Kg5 {[%clk 00:11:00]}
{[%emt 00:00:26]} Rb5+ {[%clk 00:23:03]} {[%emt 00:00:07]} 63. Kh6 {[%clk
00:11:25]} {[%emt 00:00:04]} Kd7 {[%clk 00:22:42]} {[%emt 00:00:52]} 64. b7
{[%clk 00:11:14]} {[%emt 00:00:41]} Kc7 {[%clk 00:23:08]} {[%emt 00:00:04]} 65.
Rg7+ {[%clk 00:11:05]} {[%emt 00:00:38]} Kd6 {[%clk 00:23:20]} {[%emt
00:00:18]} 66. Rg6+ {[%clk 00:10:14]} {[%emt 00:01:22]} Ke7 {[%clk 00:23:27]}
{[%emt 00:00:22]} 67. Rg8 {[%clk 00:10:27]} {[%emt 00:00:16]} Rb6+ {[%clk
00:23:27]} {[%emt 00:00:31]} 68. Kxh5 {[%clk 00:10:38]} {[%emt 00:00:19]} Rb5+
{[%clk 00:23:19]} {[%emt 00:00:39]} 69. Kg4 {[%clk 00:10:57]} {[%emt 00:00:10]}
Rb4+ {[%clk 00:23:45]} {[%emt 00:00:05]} 70. Kh3 {[%clk 00:11:23]} {[%emt
00:00:05]} Kf6 {[%clk 00:23:19]} {[%emt 00:00:56]} 71. b8=Q {[%clk 00:11:40]}
{[%emt 00:00:12]} Rxb8 {[%clk 00:23:44]} {[%emt 00:00:05]} 72. Rxb8 {[%clk
00:12:06]} {[%emt 00:00:04]} Kg6 {[%clk 00:24:11]} {[%emt 00:00:03]} 73. Kg4
{[%clk 00:12:29]} {[%emt 00:00:07]} Kh6 {[%clk 00:24:35]} {[%emt 00:00:05]} 74.
Rb6+ {[%clk 00:12:51]} {[%emt 00:00:09]} Kg7 {[%clk 00:25:00]} {[%emt
00:00:06]} 75. Kf5 {[%clk 00:13:18]} {[%emt 00:00:02]} Kf7 {[%clk 00:25:23]}
{[%emt 00:00:06]} 76. Rb7+ {[%clk 00:13:45]} {[%emt 00:00:04]} Ke8 {[%clk
00:25:45]} {[%emt 00:00:08]} 77. Ke6 {[%clk 00:14:10]} {[%emt 00:00:05]} Kd8
{[%clk 00:26:11]} {[%emt 00:00:04]} 78. Rh7 {[%clk 00:14:36]} {[%emt 00:00:05]}
Kc8 {[%clk 00:26:37]} {[%emt 00:00:03]} 79. Kd6 {[%clk 00:15:03]} {[%emt
00:00:03]} Kb8 {[%clk 00:27:01]} {[%emt 00:00:06]} 80. Kc6 {[%clk 00:15:31]}
{[%emt 00:00:02]} Kc8 {[%clk 00:27:21]} {[%emt 00:00:10]} 81. Rh8# {[%clk
00:15:19]} {[%emt 00:00:03]} 1-0

[Event "English Open Championship 2024"]
[Site "Holiday Inn, 212 Abbey End, Kenilworth CV8 1ED, United Kingdom"]
[Date "2024.06.20"]
[Round "1.24"]
[White "Patel, Keatan"]
[Black "Verbytski, Oleg"]
[Result "0-1"]
[TimeControl "G90 + 30secs/move"]
[WhiteFideId "477613"]
[BlackFideId "495506"]
[WhiteElo "1848"]
[BlackElo "2008"]

1. g3 {[%clk 01:30:57]} {[%emt 00:00:03]} d5 {[%clk 01:30:50]} {[%emt
00:00:12]} 2. Nf3 {[%clk 01:30:56]} {[%emt 00:00:30]} Nf6 {[%clk 01:31:09]}
{[%emt 00:00:11]} 3. Bg2 {[%clk 01:31:16]} {[%emt 00:00:10]} c5 {[%clk
01:30:27]} {[%emt 00:01:13]} 4. d3 {[%clk 01:29:23]} {[%emt 00:02:22]} Nc6
{[%clk 01:30:29]} {[%emt 00:00:28]} 5. O-O {[%clk 01:29:38]} {[%emt 00:00:15]}
e5 {[%clk 01:30:37]} {[%emt 00:00:21]} 6. Nbd2 {[%clk 01:26:04]} {[%emt
00:04:04]} Be7 {[%clk 01:29:56]} {[%emt 00:01:12]} 7. e4 {[%emt 00:07:22]} dxe4
{[%clk 01:23:36]} {[%emt 00:03:16]} 8. Nxe4 {[%clk 01:12:21]} {[%emt 00:10:54]}
Bg4 {[%clk 01:21:21]} {[%emt 00:02:45]} 9. c3 {[%clk 01:04:07]} {[%emt
00:08:44]} O-O {[%clk 01:20:49]} {[%emt 00:01:03]} 10. Be3 {[%clk 01:00:12]}
{[%emt 00:04:25]} c4 {[%clk 01:08:22]} {[%emt 00:12:57]} 11. Nxf6+ {[%clk
00:44:04]} {[%emt 00:16:38]} Bxf6 {[%clk 01:08:42]} {[%emt 00:00:10]} 12. Qa4
{[%clk 00:43:38]} {[%emt 00:00:56]} Qxd3 {[%clk 01:03:05]} {[%emt 00:06:07]} 13.
Nd2 {[%clk 00:39:22]} {[%emt 00:04:45]} a6 {[%clk 00:53:30]} {[%emt 00:10:06]}
14. Be4 {[%clk 00:33:33]} {[%emt 00:06:19]} Qd7 {[%clk 00:53:09]} {[%emt
00:00:51]} 15. Qxc4 {[%clk 00:25:27]} {[%emt 00:08:35]} Rac8 {[%clk 00:52:51]}
{[%emt 00:00:48]} 16. Qb3 {[%clk 00:23:33]} {[%emt 00:02:25]} Bd8 {[%clk
00:39:49]} {[%emt 00:13:32]} 17. Bf3 {[%clk 00:12:51]} {[%emt 00:11:12]} Be6
{[%clk 00:39:01]} {[%emt 00:01:18]} 18. Qa4 {[%clk 00:11:02]} {[%emt 00:02:19]}
f5 {[%clk 00:37:15]} {[%emt 00:02:15]} 19. Rad1 {[%clk 00:09:30]} {[%emt
00:02:02]} Qf7 {[%clk 00:35:04]} {[%emt 00:02:41]} 20. Bc5 {[%clk 00:07:48]}
{[%emt 00:02:12]} Re8 {[%clk 00:31:58]} {[%emt 00:03:37]} 21. Be2 {[%clk
00:05:19]} {[%emt 00:02:59]} Nb8 {[%clk 00:30:08]} {[%emt 00:02:20]} 22. Bd6
{[%clk 00:03:55]} {[%emt 00:01:53]} Nd7 {[%clk 00:23:47]} {[%emt 00:06:52]} 23.
Qc2 {[%clk 00:01:42]} {[%emt 00:02:43]} Bb6 {[%clk 00:20:13]} {[%emt 00:04:04]}
24. b3 {[%clk 00:01:46]} {[%emt 00:00:26]} f4 {[%clk 00:16:29]} {[%emt
00:04:14]} 25. Bc4 {[%clk 00:01:38]} {[%emt 00:00:37]} Kh8 {[%clk 00:14:36]}
{[%emt 00:02:23]} 26. Bxe6 {[%clk 00:02:06]} {[%emt 00:00:03]} Rxe6 {[%clk
00:13:48]} {[%emt 00:01:18]} 27. Ne4 {[%clk 00:01:52]} {[%emt 00:00:44]} Qh5
{[%clk 00:13:33]} {[%emt 00:00:45]} 28. Qd3 {[%clk 00:01:04]} {[%emt 00:01:18]}
Rh6 {[%clk 00:12:04]} {[%emt 00:01:59]} 29. h4 {[%clk 00:01:11]} {[%emt
00:00:23]} fxg3 {[%clk 00:11:52]} {[%emt 00:00:41]} 30. Qxg3 {[%clk 00:00:56]}
{[%emt 00:00:46]} Rg6 {[%clk 00:11:46]} {[%emt 00:00:36]} 31. Ng5 {[%clk
00:01:24]} {[%emt 00:00:02]} h6 {[%clk 00:11:45]} {[%emt 00:00:31]} 32. Be7
{[%clk 00:01:33]} {[%emt 00:00:21]} Nf6 {[%clk 00:11:14]} {[%emt 00:01:01]} 33.
Bxf6 {[%clk 00:01:18]} {[%emt 00:00:45]} gxf6 {[%clk 00:11:26]} {[%emt
00:00:18]} 34. Rd7 {[%clk 00:01:40]} {[%emt 00:00:08]} hxg5 {[%clk 00:10:58]}
{[%emt 00:00:58]} 35. Qd3 {[%clk 00:01:40]} {[%emt 00:00:30]} Qg4+ {[%clk
00:10:50]} {[%emt 00:00:38]} 36. Kh2 {[%clk 00:01:52]} {[%emt 00:00:18]} Rh6
{[%clk 00:09:52]} {[%emt 00:01:28]} 0-1

[Event "English Open Championship 2024"]
[Site "Holiday Inn, 212 Abbey End, Kenilworth CV8 1ED, United Kingdom"]
[Date "2024.06.20"]
[Round "1.25"]
[White "Seymour, Timothy P"]
[Black "Quillaud, Maxime"]
[Result "1/2-1/2"]
[TimeControl "G90 + 30secs/move"]
[WhiteFideId "412112"]
[BlackFideId "343272007"]
[WhiteElo "2113"]
[BlackElo "1932"]

1. Nf3 {[%clk 01:30:57]} {[%emt 00:00:02]} Nf6 {[%clk 01:30:56]} {[%emt
00:00:05]} 2. c4 {[%clk 01:31:02]} {[%emt 00:00:25]} e6 {[%clk 01:30:28]}
{[%emt 00:00:58]} 3. Nc3 {[%clk 01:27:36]} {[%emt 00:03:55]} d5 {[%clk
01:28:10]} {[%emt 00:02:49]} 4. e3 {[%clk 01:27:55]} {[%emt 00:00:11]} a6
{[%clk 01:27:23]} {[%emt 00:01:17]} 5. b3 {[%clk 01:27:28]} {[%emt 00:00:57]}
Be7 {[%clk 01:27:00]} {[%emt 00:00:53]} 6. Bb2 {[%clk 01:27:31]} {[%emt
00:00:27]} O-O {[%clk 01:27:10]} {[%emt 00:00:21]} 7. d4 {[%clk 01:23:44]}
{[%emt 00:04:16]} b6 {[%clk 01:25:27]} {[%emt 00:02:13]} 8. Bd3 {[%clk
01:18:28]} {[%emt 00:05:45]} Bb7 {[%clk 01:24:57]} {[%emt 00:01:01]} 9. cxd5
{[%clk 01:18:47]} {[%emt 00:00:11]} exd5 {[%clk 01:24:22]} {[%emt 00:01:04]} 10.
O-O {[%clk 01:18:09]} {[%emt 00:01:08]} Nbd7 {[%clk 01:24:35]} {[%emt
00:00:17]} 11. Ne2 {[%clk 01:16:34]} {[%emt 00:02:05]} Rc8 {[%clk 01:21:45]}
{[%emt 00:03:20]} 12. Ne5 {[%clk 01:07:14]} {[%emt 00:09:50]} Nxe5 {[%clk
01:20:43]} {[%emt 00:01:33]} 13. dxe5 {[%clk 01:07:38]} {[%emt 00:00:06]} Ne4
{[%clk 01:20:58]} {[%emt 00:00:15]} 14. Nf4 {[%clk 01:01:37]} {[%emt 00:06:31]}
Bg5 {[%clk 01:09:24]} {[%emt 00:12:03]} 15. b4 {[%clk 00:53:21]} {[%emt
00:08:45]} Qe7 {[%clk 01:02:34]} {[%emt 00:07:21]} 16. a4 {[%clk 00:46:02]}
{[%emt 00:07:50]} Rfd8 {[%clk 00:58:45]} {[%emt 00:04:19]} 17. b5 {[%clk
00:38:38]} {[%emt 00:07:54]} a5 {[%clk 00:58:27]} {[%emt 00:00:48]} 18. Bd4
{[%clk 00:23:57]} {[%emt 00:15:10]} Qd7 {[%clk 00:52:41]} {[%emt 00:06:16]} 19.
Qc2 {[%clk 00:21:38]} {[%emt 00:02:50]} c5 {[%clk 00:43:44]} {[%emt 00:09:27]}
20. bxc6 {[%clk 00:21:41]} {[%emt 00:00:27]} Rxc6 {[%clk 00:42:26]} {[%emt
00:01:47]} 21. Qb2 {[%clk 00:21:01]} {[%emt 00:01:10]} Bxf4 {[%clk 00:41:15]}
{[%emt 00:01:42]} 22. exf4 {[%clk 00:20:55]} {[%emt 00:00:35]} Qc7 {[%clk
00:40:53]} {[%emt 00:00:52]} 23. Rab1 {[%clk 00:18:03]} {[%emt 00:03:21]} Nc5
{[%clk 00:39:52]} {[%emt 00:01:32]} 24. Bxc5 {[%clk 00:17:23]} {[%emt
00:01:10]} Rxc5 {[%clk 00:40:19]} {[%emt 00:00:04]} 25. Qxb6 {[%clk 00:17:05]}
{[%emt 00:00:48]} Qxb6 {[%clk 00:40:47]} {[%emt 00:00:02]} 26. Rxb6 {[%clk
00:17:33]} {[%emt 00:00:03]} Bc6 {[%clk 00:41:05]} {[%emt 00:00:10]} 27. Ra1
{[%clk 00:12:39]} {[%emt 00:05:24]} d4 {[%clk 00:39:17]} {[%emt 00:02:18]} 28.
Kf1 {[%clk 00:10:24]} {[%emt 00:02:45]} Kf8 {[%clk 00:38:55]} {[%emt 00:00:52]}
29. g3 {[%clk 00:08:33]} {[%emt 00:02:22]} h6 {[%clk 00:37:39]} {[%emt
00:01:45]} 30. Ke2 {[%clk 00:08:26]} {[%emt 00:00:36]} Ke7 {[%clk 00:37:01]}
{[%emt 00:01:09]} 31. Kd2 {[%clk 00:08:43]} {[%emt 00:00:13]} g5 {[%clk
00:34:51]} {[%emt 00:02:40]} 32. Bb5 {[%clk 00:06:37]} {[%emt 00:02:36]} Bxb5
{[%clk 00:32:49]} {[%emt 00:02:32]} 33. Rxb5 {[%clk 00:03:59]} {[%emt
00:03:08]} Rdc8 {[%clk 00:28:48]} {[%emt 00:04:31]} 34. Rxc5 {[%clk 00:04:17]}
{[%emt 00:00:13]} Rxc5 {[%clk 00:29:16]} {[%emt 00:00:02]} 35. Rc1 {[%clk
00:01:35]} {[%emt 00:03:11]} Rd5 {[%clk 00:19:37]} {[%emt 00:10:10]} 36. Rc7+
{[%clk 00:01:23]} {[%emt 00:00:42]} Kf8 {[%clk 00:18:46]} {[%emt 00:01:22]} 37.
fxg5 {[%clk 00:00:53]} {[%emt 00:00:59]} hxg5 {[%clk 00:19:02]} {[%emt
00:00:13]} 38. f4 {[%clk 00:01:09]} {[%emt 00:00:14]} gxf4 {[%clk 00:19:21]}
{[%emt 00:00:11]} 39. gxf4 {[%clk 00:01:38]} f6 {[%clk 00:17:59]} {[%emt
00:01:53]} 40. Kd3 {[%clk 00:00:47]} {[%emt 00:01:21]} fxe5 {[%clk 00:18:03]}
{[%emt 00:00:26]} 41. Ke4 {[%clk 00:00:36]} {[%emt 00:00:42]} d3 {[%clk
00:17:08]} {[%emt 00:01:25]} 42. Rc1 {[%clk 00:01:04]} {[%emt 00:00:01]} Rd4+
{[%clk 00:16:44]} {[%emt 00:00:54]} 43. Kxe5 {[%clk 00:01:15]} {[%emt
00:00:20]} Rxa4 {[%clk 00:17:02]} {[%emt 00:00:11]} 44. Rd1 {[%clk 00:01:19]}
{[%emt 00:00:26]} Ra2 {[%clk 00:16:31]} {[%emt 00:01:01]} 45. Rxd3 {[%clk
00:00:44]} {[%emt 00:01:05]} Rxh2 {[%clk 00:16:55]} {[%emt 00:00:06]} 46. Ra3
{[%clk 00:00:33]} {[%emt 00:00:42]} Rb2 {[%clk 00:15:46]} {[%emt 00:01:39]} 47.
Rxa5 {[%clk 00:00:59]} {[%emt 00:00:03]} Rb6 {[%clk 00:16:03]} {[%emt
00:00:13]} 48. Kf5 {[%clk 00:01:15]} {[%emt 00:00:14]} Kf7 {[%clk 00:16:07]}
{[%emt 00:00:27]} 49. Kg5 {[%clk 00:01:36]} {[%emt 00:00:09]} Rg6+ {[%clk
00:16:26]} {[%emt 00:00:10]} 50. Kh5 {[%clk 00:01:49]} {[%emt 00:00:16]} Rb6
{[%clk 00:16:55]} {[%emt 00:00:02]} 51. Rf5+ {[%clk 00:01:55]} {[%emt
00:00:23]} Kg7 {[%clk 00:16:38]} {[%emt 00:00:47]} 52. Rg5+ {[%clk 00:02:19]}
{[%emt 00:00:07]} Kf7 {[%clk 00:17:00]} {[%emt 00:00:08]} 53. Kg4 {[%clk
00:02:25]} {[%emt 00:00:24]} Ra6 {[%clk 00:17:02]} {[%emt 00:00:27]} 54. Rb5
{[%clk 00:02:27]} {[%emt 00:00:29]} Kg7 {[%clk 00:17:20]} {[%emt 00:00:13]} 55.
Rb7+ {[%clk 00:02:39]} {[%emt 00:00:17]} Kf8 {[%clk 00:17:29]} {[%emt
00:00:21]} 56. Rd7 {[%clk 00:02:25]} {[%emt 00:00:44]} Rg6+ {[%clk 00:17:35]}
{[%emt 00:00:25]} 57. Kf5 {[%clk 00:02:47]} {[%emt 00:00:07]} Ra6 {[%clk
00:17:59]} {[%emt 00:00:06]} 58. Ke5 {[%clk 00:02:30]} {[%emt 00:00:47]} Ke8
{[%clk 00:14:40]} {[%emt 00:03:50]} 59. Rd5 {[%clk 00:01:58]} {[%emt 00:01:00]}
Kf7 {[%clk 00:14:31]} {[%emt 00:00:40]} 60. f5 {[%clk 00:01:56]} {[%emt
00:00:32]} Kf8 {[%clk 00:14:18]} {[%emt 00:00:43]} 61. Rb5 {[%clk 00:01:26]}
{[%emt 00:01:00]} Kf7 {[%clk 00:14:17]} {[%emt 00:00:30]} 62. Rb7+ {[%clk
00:01:30]} {[%emt 00:00:27]} Kf8 {[%clk 00:14:46]} {[%emt 00:00:02]} 63. f6
{[%clk 00:01:44]} {[%emt 00:00:16]} Ra1 {[%clk 00:15:05]} {[%emt 00:00:10]} 64.
Rb4 {[%clk 00:01:39]} {[%emt 00:00:35]} Re1+ {[%clk 00:15:16]} {[%emt
00:00:18]} 65. Kf5 {[%clk 00:02:01]} {[%emt 00:00:08]} Rf1+ {[%clk 00:15:36]}
{[%emt 00:00:12]} 66. Rf4 {[%clk 00:02:30]} {[%emt 00:00:02]} Rxf4+ {[%clk
00:15:51]} {[%emt 00:00:14]} 67. Kxf4 {[%clk 00:02:59]} {[%emt 00:00:02]} Kf7
{[%clk 00:16:13]} {[%emt 00:00:07]} 68. Kf5 {[%clk 00:03:27]} {[%emt 00:00:02]}
Kf8 {[%clk 00:16:36]} {[%emt 00:00:08]} 69. Ke6 {[%clk 00:03:56]} Ke8 {[%clk
00:16:58]} {[%emt 00:00:08]} 70. f7+ {[%clk 00:04:25]} {[%emt 00:00:01]} Kf8
{[%clk 00:17:18]} {[%emt 00:00:09]} 71. Kf6 {[%clk 00:04:22]} {[%emt 00:00:03]}
1/2-1/2

[Event "English Open Championship 2024"]
[Site "Holiday Inn, 212 Abbey End, Kenilworth CV8 1ED, United Kingdom"]
[Date "2024.06.20"]
[Round "1.26"]
[White "Mclachlan, Matthew"]
[Black "Shearsby, Jude"]
[Result "1/2-1/2"]
[TimeControl "G90 + 30secs/move"]
[WhiteFideId "436003"]
[BlackFideId "462527"]
[WhiteElo "1917"]
[BlackElo "2092"]

1. d4 {[%clk 01:30:57]} {[%emt 00:00:02]} Nf6 {[%clk 01:30:55]} {[%emt
00:00:06]} 2. Bg5 {[%clk 01:31:20]} {[%emt 00:00:06]} g6 {[%clk 01:30:49]}
{[%emt 00:00:36]} 3. Bxf6 {[%clk 01:31:43]} {[%emt 00:00:07]} exf6 {[%clk
01:31:17]} {[%emt 00:00:03]} 4. c4 {[%clk 01:30:48]} {[%emt 00:01:25]} Bg7
{[%clk 01:31:30]} {[%emt 00:00:17]} 5. Nc3 {[%clk 01:31:10]} {[%emt 00:00:08]}
O-O {[%clk 01:31:40]} {[%emt 00:00:20]} 6. g3 {[%clk 01:31:21]} {[%emt
00:00:19]} Nc6 {[%clk 01:30:09]} {[%emt 00:02:01]} 7. Bg2 {[%clk 01:30:40]}
{[%emt 00:01:10]} d6 {[%clk 01:27:49]} {[%emt 00:02:49]} 8. e3 {[%clk
01:30:20]} {[%emt 00:00:51]} Bf5 {[%clk 01:24:36]} {[%emt 00:03:43]} 9. Nge2
{[%clk 01:29:20]} {[%emt 00:01:30]} Qd7 {[%clk 01:23:07]} {[%emt 00:01:59]} 10.
Nf4 {[%clk 01:25:17]} {[%emt 00:04:33]} Rfe8 {[%clk 01:20:51]} {[%emt
00:02:46]} 11. O-O {[%clk 01:22:32]} {[%emt 00:03:15]} g5 {[%clk 01:16:21]}
{[%emt 00:05:01]} 12. Nfd5 {[%clk 01:14:58]} {[%emt 00:08:03]} Nd8 {[%clk
01:13:25]} {[%emt 00:03:27]} 13. e4 {[%clk 01:14:49]} {[%emt 00:00:39]} Bg6
{[%clk 01:08:02]} {[%emt 00:05:52]} 14. Qf3 {[%clk 01:12:44]} {[%emt 00:02:36]}
f5 {[%clk 01:07:04]} {[%emt 00:01:27]} 15. exf5 {[%clk 01:13:03]} {[%emt
00:00:11]} Bxf5 {[%clk 01:07:30]} {[%emt 00:00:04]} 16. Rfe1 {[%clk 01:04:56]}
{[%emt 00:08:38]} Nc6 {[%clk 01:05:35]} {[%emt 00:02:25]} 17. Nb5 {[%clk
00:54:34]} {[%emt 00:10:51]} Rac8 {[%clk 00:38:07]} {[%emt 00:27:59]} 18. Nbxc7
{[%clk 00:35:17]} {[%emt 00:19:47]} Nxd4 {[%clk 00:35:21]} {[%emt 00:03:16]} 19.
Qh5 {[%clk 00:32:54]} {[%emt 00:02:53]} Rxe1+ {[%emt 00:27:29]} 20. Rxe1 {[%clk
00:33:17]} {[%emt 00:00:04]} Bg6 {[%clk 00:07:53]} {[%emt 00:01:02]} 21. Qxg5
{[%clk 00:31:20]} {[%emt 00:02:26]} Kh8 {[%clk 00:06:59]} {[%emt 00:01:24]} 22.
b3 {[%clk 00:27:56]} {[%emt 00:03:54]} Nc6 {[%clk 00:04:14]} {[%emt 00:03:15]}
23. h4 {[%clk 00:22:44]} {[%emt 00:05:42]} h6 {[%clk 00:04:35]} {[%emt
00:00:10]} 24. Qd2 {[%clk 00:22:53]} {[%emt 00:00:20]} Rxc7 {[%clk 00:04:25]}
{[%emt 00:00:40]} 25. Nxc7 {[%clk 00:23:04]} {[%emt 00:00:20]} Qxc7 {[%clk
00:04:54]} {[%emt 00:00:01]} 26. Re8+ {[%clk 00:23:14]} {[%emt 00:00:19]} Kh7
{[%clk 00:05:23]} {[%emt 00:00:02]} 27. Qe2 {[%clk 00:21:17]} {[%emt 00:02:26]}
h5 {[%clk 00:04:25]} {[%emt 00:01:29]} 28. Be4 {[%clk 00:20:31]} {[%emt
00:01:15]} Qa5 {[%clk 00:04:40]} {[%emt 00:00:16]} 29. Bxg6+ {[%clk 00:17:56]}
{[%emt 00:03:04]} 1/2-1/2